[Event "XVIII C.to Italiano UISP A"]
[Site "Montecatini Terme ITA"]
[Date "1997.12.??"]
[Round "3"]
[White "Ortega, Lexy"]
[Black "Galioto, Natale"]
[Result "1-0"]
[WhiteElo "2470"]
[BlackElo "1822"]
[PlyCount "43"]
[EventDate "1997.12.04"]

1. d4 Nf6 2. Nf3 c5 3. e3 g6 4. dxc5 Bg7 5. c3 Qc7 6. b4 a5 7. Bb2 O-O 8. a3
Ne4 9. Nfd2 d5 10. Nxe4 dxe4 11. Nd2 axb4 12. axb4 Rxa1 13. Qxa1 Qe5 14. Nc4
Qg5 15. h4 Qf6 16. Be2 Rd8 17. Qb1 Bf5 18. g3 Nc6 19. O-O g5 20. h5 g4 21. Rd1
Qg5 22. b5 1-0

[Event "XVIII C.to Italiano UISP A"]
[Site "Montecatini Terme ITA"]
[Date "1997.12.??"]
[Round "3"]
[White "Passerotti, Pierluigi"]
[Black "Mola, Pietro"]
[Result "1-0"]
[WhiteElo "2310"]
[BlackElo "2190"]
[PlyCount "69"]
[EventDate "1997.12.04"]

1. d4 Nf6 2. Nf3 e6 3. e3 b6 4. Bd3 Bb7 5. Nbd2 d5 6. O-O Be7 7. b3 O-O 8. Bb2
c5 9. Ne5 Nc6 10. f4 Rc8 11. a3 Nxe5 12. fxe5 Ne4 13. Nxe4 dxe4 14. Bc4 Bd5 15.
Ba6 Rc7 16. Qe2 Qa8 17. a4 f5 18. exf6 gxf6 19. c4 Bc6 20. Qg4+ Kf7 21. dxc5
bxc5 22. Bxf6 Bxf6 23. Rxf6+ Kxf6 24. Rf1+ Ke7 25. Qg7+ Kd6 26. Rd1+ Bd5 27.
Qg3+ Kc6 28. cxd5+ exd5 29. b4 Qd8 30. b5+ Kb6 31. a5+ Kxa5 32. Ra1+ Kb6 33.
Qe1 c4 34. Qa5+ Kc5 35. b6+ 1-0

[Event "XVIII C.to Italiano UISP A"]
[Site "Montecatini Terme ITA"]
[Date "1997.12.??"]
[Round "3"]
[White "Ricci, Marco"]
[Black "Barro, Carlo"]
[Result "0-1"]
[WhiteElo "2215"]
[BlackElo "1747"]
[PlyCount "66"]
[EventDate "1997.12.04"]

1. e4 d6 2. d4 Nf6 3. Nc3 g6 4. Bg5 Bg7 5. Qd2 c6 6. O-O-O b5 7. Bd3 Qa5 8. Kb1
b4 9. Nce2 Nbd7 10. Bh6 O-O 11. f3 e5 12. h4 exd4 13. Nxd4 Ne5 14. Qg5 Bxh6 15.
Qxh6 c5 16. Nb3 Qc7 17. Be2 a5 18. Qg5 Nh5 19. g4 Ng3 20. Rh3 Nxe2 21. Nxe2 a4
22. Nbc1 Be6 23. Nf4 b3 24. Nd5 bxc2+ 25. Kxc2 Bxd5 26. Rxd5 Rab8 27. b3 axb3+
28. axb3 c4 29. Kb2 cxb3 30. Nxb3 Qc4 31. f4 Qe2+ 32. Ka3 Nc4+ 33. Ka4 Qa2# 0-1

[Event "XVIII C.to Italiano UISP A"]
[Site "Montecatini Terme ITA"]
[Date "1997.12.??"]
[Round "3"]
[White "Riccio, Eros"]
[Black "Ragonese, Lucio Rosario"]
[Result "1/2-1/2"]
[WhiteElo "1735"]
[BlackElo "2060"]
[PlyCount "20"]
[EventDate "1997.12.04"]

1. e4 d5 2. exd5 Qxd5 3. Nc3 Qa5 4. Nf3 Nf6 5. d3 c6 6. Be2 Bf5 7. O-O Nbd7 8.
Nd4 e6 9. Bd2 Bg6 10. Ne4 Qc7 1/2-1/2

[Event "XVIII C.to Italiano UISP A"]
[Site "Montecatini Terme ITA"]
[Date "1997.12.??"]
[Round "3"]
[White "Scacco, Mauro"]
[Black "Ceccatelli, Claudio"]
[Result "1-0"]
[WhiteElo "2045"]
[BlackElo "1723"]
[PlyCount "126"]
[EventDate "1997.12.04"]

1. e4 e5 2. Nf3 Nf6 3. Nc3 Bb4 4. Nd5 Nxd5 5. exd5 e4 6. Nd4 O-O 7. Bc4 d6 8.
Qh5 Nd7 9. O-O Ne5 10. Be2 Bc5 11. Nb3 Bb6 12. d4 exd3 13. cxd3 Qf6 14. d4 Ng6
15. Bg5 Qf5 16. g3 Qxd5 17. Bf3 Qf5 18. Rae1 f6 19. Bd2 Qxh5 20. Bxh5 Bh3 21.
f4 Bxf1 22. Kxf1 Rfe8 23. Rxe8+ Rxe8 24. f5 Kf7 25. a4 c6 26. fxg6+ hxg6 27.
Bf3 Rh8 28. h4 Bc7 29. Kg2 d5 30. Nc5 b6 31. Nd3 Ke6 32. Bg4+ f5 33. Bf3 Rc8
34. b4 Bd6 35. Bf4 Bxf4 36. Nxf4+ Kf6 37. Nd3 Ke6 38. Kf2 Kf6 39. Ne5 g5 40. h5
g4 41. Be2 Rc7 42. Nd3 Kg5 43. Nf4 Re7 44. Bd3 a5 45. b5 cxb5 46. Bxb5 Re4 47.
Bc6 Kh6 48. Ne2 Kxh5 49. Bxd5 Re7 50. Bc6 g5 51. d5 Kg6 52. d6 Re6 53. d7 Rd6
54. Bb5 Kf6 55. Ke3 Ke7 56. Nc3 f4+ 57. gxf4 g3 58. fxg5 Rg6 59. Ne2 g2 60. Kf2
g1=Q+ 61. Kxg1 Rxg5+ 62. Kf2 Rxb5 63. axb5 Kxd7 1-0

[Event "XVIII C.to Italiano UISP A"]
[Site "Montecatini Terme ITA"]
[Date "1997.12.??"]
[Round "3"]
[White "Sedina, Elena"]
[Black "Aldrovandi, Costantino"]
[Result "1-0"]
[WhiteElo "2400"]
[BlackElo "2250"]
[PlyCount "49"]
[EventDate "1997.12.04"]

1. e4 c5 2. Nf3 e6 3. d4 cxd4 4. Nxd4 Nf6 5. Nc3 d6 6. g4 Nc6 7. g5 Nd7 8. Be3
Be7 9. h4 a6 10. Qe2 O-O 11. O-O-O Nxd4 12. Bxd4 b5 13. Rg1 b4 14. Na4 e5 15.
Be3 Qa5 16. b3 Nc5 17. Nxc5 dxc5 18. Kb1 Be6 19. Qf3 c4 20. Bh3 Qb5 21. g6 Bxh3
22. gxh7+ Kh8 23. Rxg7 cxb3 24. Rdg1 bxa2+ 25. Ka1 1-0

[Event "XVIII C.to Italiano UISP A"]
[Site "Montecatini Terme ITA"]
[Date "1997.12.??"]
[Round "3"]
[White "Steinfl, Alessandro"]
[Black "Zucconi, Leandro"]
[Result "1-0"]
[WhiteElo "2270"]
[BlackElo "2140"]
[PlyCount "37"]
[EventDate "1997.12.04"]

1. d4 d5 2. Bg5 Nd7 3. e4 dxe4 4. Nc3 Ngf6 5. f3 exf3 6. Qxf3 g6 7. O-O-O Bg7
8. Bd3 O-O 9. Nge2 c6 10. g4 a5 11. h4 a4 12. h5 Qa5 13. Bd2 a3 14. b3 Qc7 15.
g5 Nxh5 16. Rxh5 gxh5 17. Qxh5 f5 18. Bc4+ Kh8 19. Rh1 1-0

[Event "XVIII C.to Italiano UISP A"]
[Site "Montecatini Terme ITA"]
[Date "1997.12.??"]
[Round "3"]
[White "Tassi, Oliviero"]
[Black "Sarno, Spartaco"]
[Result "0-1"]
[WhiteElo "2305"]
[BlackElo "2400"]
[PlyCount "42"]
[EventDate "1997.12.04"]

1. e4 d6 2. d4 Nf6 3. Nc3 g6 4. f4 Bg7 5. Nf3 O-O 6. e5 Nfd7 7. h4 c5 8. h5
cxd4 9. Ne4 dxe5 10. Neg5 e4 11. Nxe4 Nf6 12. Neg5 Nc6 13. hxg6 hxg6 14. Bc4
Bf5 15. Nh4 Rc8 16. Qe2 d3 17. cxd3 Nd4 18. Qd2 Rxc4 19. dxc4 Nc2+ 20. Kd1 Nxa1
21. Nxf5 gxf5 0-1

[Event "XVIII C.to Italiano UISP A"]
[Site "Montecatini Terme ITA"]
[Date "1997.12.??"]
[Round "3"]
[White "Tencati, Giuseppe"]
[Black "Patavia, Antonio"]
[Result "1-0"]
[WhiteElo "2035"]
[BlackElo "2090"]
[PlyCount "45"]
[EventDate "1997.12.04"]

1. d4 Nf6 2. c4 g6 3. Nf3 Bg7 4. Nc3 d6 5. e4 O-O 6. Be2 e5 7. d5 a5 8. Bg5 h6
9. Bh4 Na6 10. Nd2 Qe8 11. a3 Bd7 12. b3 Nh7 13. Rb1 h5 14. f3 Bh6 15. Bf2 b6
16. b4 axb4 17. axb4 f5 18. O-O Nf6 19. Qc2 Bg5 20. Rb2 Qe7 21. Rfb1 h4 22. Ra2
c5 23. bxc5 1-0

[Event "XVIII C.to Italiano UISP A"]
[Site "Montecatini Terme ITA"]
[Date "1997.12.??"]
[Round "3"]
[White "Unterthurner, Hans"]
[Black "Magalotti, Andrea"]
[Result "0-1"]
[WhiteElo "1863"]
[BlackElo "2155"]
[PlyCount "119"]
[EventDate "1997.12.04"]

1. e4 e5 2. Nf3 Nc6 3. Bb5 a6 4. Ba4 Nf6 5. O-O b5 6. Bb3 Be7 7. Re1 d6 8. c3
O-O 9. h3 Bb7 10. d4 Re8 11. Nbd2 Bf8 12. Bc2 g6 13. b3 Bg7 14. d5 Nb8 15. Nf1
c6 16. c4 cxd5 17. cxd5 Nbd7 18. Ng3 Rc8 19. Bd2 Nc5 20. Rc1 a5 21. a3 Ra8 22.
Qe2 Ba6 23. b4 axb4 24. axb4 Na4 25. Bd3 Qd7 26. Rc6 Reb8 27. Bg5 h6 28. Be3
Ne8 29. Rec1 Rb7 30. R1c2 Kh7 31. Nd2 Bf6 32. Nb3 Bd8 33. Qd2 h5 34. Qe2 Rbb8
35. Na5 Ng7 36. f4 Qe7 37. Rxa6 Rxa6 38. Bxb5 Rxa5 39. bxa5 exf4 40. Bxf4 Nc5
41. Bc6 Rb1+ 42. Rc1 Rxc1+ 43. Bxc1 Bxa5 44. Ba3 Bb6 45. Kh1 Qe5 46. Qf3 h4 47.
Bxc5 Bxc5 48. Ne2 Qa1+ 49. Kh2 Qa2 50. Bd7 Kg8 51. Bg4 f5 52. exf5 gxf5 53.
Bxf5 Qa1 54. Bg6 Qe5+ 55. Kh1 Qf6 56. Bh5 Qg5 57. g4 hxg3 58. Nxg3 Qc1+ 59. Nf1
Nf5 60. Qxf5 0-1

[Event "XVIII C.to Italiano UISP A"]
[Site "Montecatini Terme ITA"]
[Date "1997.12.??"]
[Round "4"]
[White "Aldrovandi, Costantino"]
[Black "Tencati, Giuseppe"]
[Result "1/2-1/2"]
[WhiteElo "2250"]
[BlackElo "2035"]
[PlyCount "84"]
[EventDate "1997.12.04"]

1. e4 e6 2. d4 d5 3. e5 c5 4. c3 Nc6 5. Nf3 Qb6 6. a3 c4 7. Nbd2 Na5 8. g3 Bd7
9. Bg2 Ne7 10. O-O Qc7 11. Rb1 Nc8 12. Ne1 Nb6 13. h4 Be7 14. Bh3 O-O-O 15. Qe2
Kb8 16. h5 Na4 17. Ng2 Bxa3 18. bxa3 Nxc3 19. Qe3 Nxb1 20. Nxb1 Nb3 21. Bb2 a5
22. Bc3 Ka7 23. Nd2 Ba4 24. Bg4 Ka6 25. Rb1 b5 26. Bd1 Nxd2 27. Qxd2 Bxd1 28.
Rxd1 Rb8 29. Rb1 Rb7 30. Ne1 f6 31. Nc2 Rbb8 32. Kg2 Rhf8 33. Re1 f5 34. f4 Rb7
35. Rb1 Rbb8 36. Ne1 Rb7 37. Nf3 h6 38. Nh4 Rbb8 39. Qc2 Rf7 40. Qd2 Rff8 41.
Kh2 Rf7 42. Kg2 Qd8 1/2-1/2

[Event "XVIII C.to Italiano UISP A"]
[Site "Montecatini Terme ITA"]
[Date "1997.12.??"]
[Round "4"]
[White "Barro, Carlo"]
[Black "Adinolfi, Vincenzo"]
[Result "0-1"]
[WhiteElo "1747"]
[BlackElo "2165"]
[PlyCount "139"]
[EventDate "1997.12.04"]

1. Nf3 d5 2. d3 c5 3. g3 Nc6 4. Bg2 Nf6 5. Nbd2 e5 6. O-O Be7 7. e4 O-O 8. h3
h6 9. exd5 Nxd5 10. Nc4 f6 11. a4 Be6 12. c3 Qd7 13. Kh2 Rfd8 14. Qe2 Nc7 15.
Ne1 Bf5 16. Ne3 Bg6 17. a5 Rab8 18. h4 Qe8 19. Bh3 Bf8 20. Nf5 Ne7 21. g4 h5
22. Rg1 hxg4 23. Nxe7+ Qxe7 24. Qxg4 Bh7 25. Ra4 f5 26. Qc4+ Qf7 27. Bg5 Qxc4
28. Rxc4 Re8 29. h5 Ne6 30. Be3 b5 31. axb6 axb6 32. Bg2 f4 33. Bc1 b5 34. Re4
Bxe4 35. Bxe4 Be7 36. Nf3 Bf6 37. h6 Kh8 38. Rg6 Nf8 39. hxg7+ Bxg7 40. Rg4 Bf6
41. Nh4 Bxh4 42. Rxh4+ Kg7 43. d4 cxd4 44. cxd4 Rbc8 45. Bd2 Red8 46. d5 Rc4
47. Rg4+ Kf6 48. f3 Rd4 49. Be1 R8xd5 50. Bxd5 Rxd5 51. Bh4+ Kf7 52. Rg2 Ne6
53. Rc2 Rc5 54. Rd2 Nd4 55. Kg2 Rc2 56. Be1 Ke6 57. Kf2 Kd5 58. Rxc2 Nxc2 59.
Ba5 Nd4 60. Bc7 Nf5 61. Ke2 Nd4+ 62. Kf2 Nc6 63. Ke2 Kc4 64. Kd2 Nd4 65. b3+
Nxb3+ 66. Kd1 Kd5 67. Ke2 Nd4+ 68. Kf2 b4 69. Bd8 b3 70. Be7 0-1

[Event "XVIII C.to Italiano UISP A"]
[Site "Montecatini Terme ITA"]
[Date "1997.12.??"]
[Round "4"]
[White "Bini, Lorenzo"]
[Black "Unterthurner, Hans"]
[Result "0-1"]
[WhiteElo "2135"]
[BlackElo "1863"]
[PlyCount "100"]
[EventDate "1997.12.04"]

1. b3 Nf6 2. Bb2 g6 3. e4 d6 4. g3 Bg7 5. Bg2 c5 6. Ne2 Nc6 7. h3 Bd7 8. Na3
Rc8 9. O-O O-O 10. Nc4 a6 11. f4 b5 12. Ne3 e6 13. Rb1 Qc7 14. g4 Ne7 15. g5
Nh5 16. Bxg7 Nxg7 17. Ng4 Ne8 18. Nf6+ Kg7 19. Qe1 Rh8 20. f5 exf5 21. Nf4 h6
22. N4d5 Nxd5 23. Nxd5 Qd8 24. exf5 Bxf5 25. Ne7 Rc7 26. Nxf5+ gxf5 27. Rxf5
hxg5 28. Qg3 f6 29. Rbf1 Rh6 30. h4 Rxh4 31. Rxf6 Qxf6 32. Rxf6 Kxf6 33. Bd5
Re7 34. Qc3+ Rd4 35. Qf3+ Rf4 36. Qh5 Ng7 37. Qh6+ Ke5 38. Qxg5+ Nf5 39. Bg2
Rg7 40. Qh5 Rfg4 41. Qe8+ Kf4 42. Qe4+ Kg5 43. Qe8 Kf6 44. Qf8+ Ke5 45. Qe8+
Ne7 46. Qh5+ Ke6 47. Qh3 Nf5 48. Kf1 Rxg2 49. Qc3 Rg1+ 50. Kf2 R7g2+ 0-1

[Event "XVIII C.to Italiano UISP A"]
[Site "Montecatini Terme ITA"]
[Date "1997.12.??"]
[Round "4"]
[White "Caposciutti, Maurizio"]
[Black "Steinfl, Alessandro"]
[Result "1/2-1/2"]
[WhiteElo "2300"]
[BlackElo "2270"]
[PlyCount "40"]
[EventDate "1997.12.04"]

1. Nf3 c5 2. c4 Nf6 3. g3 b6 4. Bg2 Bb7 5. O-O g6 6. b3 Bg7 7. Bb2 O-O 8. Nc3
d5 9. Nxd5 Nxd5 10. Bxg7 Kxg7 11. cxd5 Qxd5 12. d4 Na6 13. e4 Qh5 14. d5 Rad8
15. Qd2 e6 16. Qc3+ Kg8 17. Ne5 exd5 18. exd5 Rfe8 19. Nc6 Rxd5 20. Qf6 Bxc6
1/2-1/2

[Event "XVIII C.to Italiano UISP A"]
[Site "Montecatini Terme ITA"]
[Date "1997.12.??"]
[Round "4"]
[White "Casadei, Mauro"]
[Black "Caruso, Augusto"]
[Result "0-1"]
[WhiteElo "2130"]
[BlackElo "2265"]
[PlyCount "72"]
[EventDate "1997.12.04"]

1. d4 d5 2. c4 e6 3. g3 Nf6 4. Bg2 Be7 5. Nf3 O-O 6. O-O c5 7. dxc5 Bxc5 8. Qc2
Nbd7 9. cxd5 exd5 10. Nc3 Re8 11. Bf4 b6 12. Rad1 Bb7 13. a3 Rc8 14. b4 Bd6 15.
Qb3 Bxf4 16. gxf4 Qc7 17. Nb5 Qxf4 18. Nxa7 Ra8 19. e3 Qg4 20. Nb5 Ne5 21. Nbd4
Rad8 22. Kh1 Qh5 23. Nxe5 Rxe5 24. Qd3 Ng4 25. h3 Rd6 26. Qe2 Rg6 27. Kg1 Nf6
28. Qxh5 Rxh5 29. Rc1 Rhg5 30. Rc7 Rxg2+ 31. Kh1 h5 32. Rxb7 Ne4 33. Rxb6 f6
34. Nf5 R6g5 35. Nh4 Nxf2+ 36. Rxf2 Rxf2 0-1

[Event "XVIII C.to Italiano UISP A"]
[Site "Montecatini Terme ITA"]
[Date "1997.12.??"]
[Round "4"]
[White "Ceccatelli, Claudio"]
[Black "Ricci, Marco"]
[Result "1-0"]
[WhiteElo "1723"]
[BlackElo "2215"]
[PlyCount "73"]
[EventDate "1997.12.04"]

1. d4 Nf6 2. Nf3 g6 3. c4 Bg7 4. Nc3 d6 5. e4 O-O 6. Be2 e5 7. O-O Nc6 8. d5
Ne7 9. Ne1 Nd7 10. b4 a5 11. Ba3 f5 12. Nd3 b6 13. bxa5 Rxa5 14. Bb4 Ra8 15. a4
Nc5 16. Bxc5 bxc5 17. f3 Bh6 18. Kh1 Kh8 19. Nf2 Ng8 20. Bd3 Bd7 21. a5 c6 22.
a6 Qb6 23. Qa4 Qc7 24. Rfb1 cxd5 25. cxd5 Qd8 26. Qa5 Qxa5 27. Rxa5 Nf6 28. a7
Nxd5 29. exd5 Be3 30. Rb7 Rfd8 31. Nfd1 Bd4 32. Bc4 Kg8 33. Bb5 Bxb5 34. Raxb5
Kf8 35. Rb8 Ke8 36. Rxa8 Rxa8 37. Rb8+ 1-0

[Event "XVIII C.to Italiano UISP A"]
[Site "Montecatini Terme ITA"]
[Date "1997.12.??"]
[Round "4"]
[White "Ciotoli, Patrizio"]
[Black "Bezzi, Massimo"]
[Result "0-1"]
[WhiteElo "1938"]
[BlackElo "1933"]
[PlyCount "82"]
[EventDate "1997.12.04"]

1. e4 e5 2. d4 exd4 3. Nf3 Nc6 4. Bc4 Nf6 5. O-O Nxe4 6. Nxd4 d5 7. Nxc6 bxc6
8. Re1 Bc5 9. Qf3 O-O 10. Be3 Bxe3 11. Qxe3 Qf6 12. c3 Bf5 13. Bb3 Nd6 14. Nd2
Rfe8 15. Qc5 Bd7 16. Nf3 Ne4 17. Qd4 Bg4 18. Qxf6 Nxf6 19. Ne5 Re6 20. Nxg4
Nxg4 21. Rxe6 fxe6 22. Ba4 Rb8 23. b4 Rb6 24. Bd1 Nf6 25. a4 Kf7 26. a5 Rb8 27.
Bf3 Ke7 28. Re1 Kd6 29. g4 e5 30. g5 Nd7 31. Bg4 e4 32. f3 Ne5 33. Kg2 Nxg4 34.
fxg4 Rf8 35. Rd1 Ke5 36. Re1 Rf3 37. Rc1 Kf4 38. g6 hxg6 39. h3 g5 40. Rc2 Ke3
41. Rc1 Kd2 0-1

[Event "XVIII C.to Italiano UISP A"]
[Site "Montecatini Terme ITA"]
[Date "1997.12.??"]
[Round "4"]
[White "Corvi, Marco"]
[Black "Riccio, Eros"]
[Result "1-0"]
[WhiteElo "2260"]
[BlackElo "1735"]
[PlyCount "85"]
[EventDate "1997.12.04"]

1. c4 e5 2. Nc3 Nc6 3. Nf3 d6 4. d4 exd4 5. Nxd4 Nf6 6. Nxc6 bxc6 7. g3 Bd7 8.
Bg2 Be7 9. O-O O-O 10. Qa4 Qe8 11. Qa5 Qc8 12. Rd1 a6 13. e4 Bh3 14. c5 Bxg2
15. Kxg2 Rd8 16. Bf4 Qb7 17. b3 Ne8 18. Rac1 dxc5 19. Rxd8 Rxd8 20. Na4 Rd4 21.
Nxc5 Bxc5 22. Qxc5 Rxe4 23. Qxc6 Qxc6 24. Rxc6 Re6 25. Rxe6 fxe6 26. Kf3 Kf7
27. Ke3 Ke7 28. Kd4 Kd7 29. Kc5 Nd6 30. Bxd6 cxd6+ 31. Kb6 d5 32. Kc5 g5 33. f3
Ke7 34. b4 Kf6 35. a4 Ke7 36. f4 h6 37. f5 exf5 38. Kxd5 f4 39. gxf4 gxf4 40.
Ke4 Kd6 41. Kxf4 Kd5 42. Kf3 Kc4 43. b5 1-0

[Event "XVIII C.to Italiano UISP A"]
[Site "Montecatini Terme ITA"]
[Date "1997.12.??"]
[Round "4"]
[White "Di Vincenzi, Renato"]
[Black "Pastorini, Mario"]
[Result "1-0"]
[WhiteElo "2128"]
[BlackElo "2190"]
[PlyCount "73"]
[EventDate "1997.12.04"]

1. Nf3 c5 2. c4 Nc6 3. Nc3 g6 4. g3 Bg7 5. Bg2 Nf6 6. d4 cxd4 7. Nxd4 Nxd4 8.
Qxd4 d6 9. Qd3 O-O 10. O-O a6 11. e4 Be6 12. Nd5 Bxd5 13. cxd5 Qd7 14. f4 h5
15. h3 Qc7 16. Be3 Nd7 17. Rac1 Qa5 18. Qb1 Rac8 19. Rxc8 Rxc8 20. Kh2 Qb5 21.
Rf2 Qc4 22. Bf1 Qb4 23. Rd2 Kh7 24. Bg2 Qc4 25. g4 hxg4 26. hxg4 Kg8 27. g5 Kf8
28. Bh3 Ke8 29. Qd1 Rc7 30. e5 Kd8 31. e6 fxe6 32. dxe6 Nc5 33. Rxd6+ exd6 34.
Qxd6+ Nd7 35. Bb6 Qc6 36. Bxc7+ Qxc7 37. e7+ 1-0

[Event "XVIII C.to Italiano UISP A"]
[Site "Montecatini Terme ITA"]
[Date "1997.12.??"]
[Round "4"]
[White "Galioto, Natale"]
[Black "Lucaroni, Massimiliano"]
[Result "1-0"]
[WhiteElo "1822"]
[BlackElo "2280"]
[PlyCount "91"]
[EventDate "1997.12.04"]

1. e4 e5 2. f4 exf4 3. Nf3 d5 4. exd5 Nf6 5. c4 c6 6. Nc3 cxd5 7. d4 Bb4 8. a3
Bxc3+ 9. bxc3 O-O 10. Be2 Ne4 11. Qc2 Bf5 12. Bd3 Qe7 13. O-O dxc4 14. Bxe4
Qxe4 15. Qxe4 Bxe4 16. Ne5 g5 17. Re1 Bd5 18. h4 f6 19. Ng4 Nc6 20. Rb1 b6 21.
a4 Kg7 22. Rb5 Rfd8 23. hxg5 fxg5 24. g3 Re8 25. Rxe8 Rxe8 26. Kf2 Ne7 27. gxf4
gxf4 28. Bxf4 Rf8 29. Kg3 Nf5+ 30. Kh3 Be6 31. Re5 Bc8 32. Kh2 h5 33. Ne3 Nh4
34. Rg5+ Ng6 35. Bd6 Rf3 36. Nxc4 Rh3+ 37. Kg2 Kh6 38. Rg3 Rxg3+ 39. Bxg3 h4
40. Bb8 Kg5 41. Bxa7 Ba6 42. Nxb6 Nf4+ 43. Kh2 Ne2 44. d5 Nxc3 45. d6 Kf6 46.
Bb8 1-0

[Event "XVIII C.to Italiano UISP A"]
[Site "Montecatini Terme ITA"]
[Date "1997.12.??"]
[Round "4"]
[White "Genovese, Maurizio"]
[Black "De Santis, Alessio"]
[Result "0-1"]
[WhiteElo "2285"]
[BlackElo "2185"]
[PlyCount "78"]
[EventDate "1997.12.04"]

1. d4 d6 2. c4 e5 3. Nf3 exd4 4. Nxd4 g6 5. g3 Bg7 6. Bg2 Ne7 7. O-O Nbc6 8. e3
O-O 9. Nc3 h5 10. h3 Re8 11. Nce2 Ne5 12. b3 a6 13. Ba3 c5 14. Nc2 N5c6 15. Qd2
b5 16. Rad1 Ra7 17. Nf4 Rd7 18. Qe2 Qa5 19. Rd2 Bc3 20. Rfd1 Bxd2 21. Rxd2 Ne5
22. Nd5 Nxd5 23. Bxd5 bxc4 24. bxc4 Rde7 25. f4 Nd7 26. Qd3 Nf8 27. g4 hxg4 28.
hxg4 Bxg4 29. Bb2 Be6 30. Rh2 f5 31. Rh8+ Kf7 32. e4 fxe4 33. Qxe4 Qd2 34.
Bxe6+ Rxe6 35. Qb7+ R8e7 36. Qd5 Qxd5 37. cxd5 Re2 38. Rh2 Rxh2 39. Kxh2 Re2+
0-1

[Event "XVIII C.to Italiano UISP A"]
[Site "Montecatini Terme ITA"]
[Date "1997.12.??"]
[Round "4"]
[White "Luciani, Valerio"]
[Black "Tassi, Oliviero"]
[Result "0-1"]
[WhiteElo "2225"]
[BlackElo "2305"]
[PlyCount "68"]
[EventDate "1997.12.04"]

1. c4 Nf6 2. Nf3 c5 3. d4 cxd4 4. Nxd4 Nc6 5. g3 g6 6. Bg2 Bg7 7. O-O O-O 8.
Nc3 Qa5 9. Nb3 Qh5 10. e4 Qxd1 11. Rxd1 d6 12. h3 Be6 13. Nd5 Rac8 14. Be3 Nd7
15. Nd4 Bxd5 16. cxd5 Nxd4 17. Bxd4 Rc2 18. Bxg7 Kxg7 19. Rab1 g5 20. Kf1 Rfc8
21. Ke1 R8c4 22. Rd2 Kf6 23. Kd1 Rxd2+ 24. Kxd2 a5 25. Ke3 Nc5 26. f3 Rc2 27.
Bf1 Rh2 28. f4 h5 29. Kf3 Rc2 30. Ke3 a4 31. a3 Rh2 32. Kf3 Nb3 33. Ke3 gxf4+
34. gxf4 Nd2 0-1

[Event "XVIII C.to Italiano UISP A"]
[Site "Montecatini Terme ITA"]
[Date "1997.12.??"]
[Round "4"]
[White "Magalotti, Andrea"]
[Black "Fabiano, Giuseppe"]
[Result "1-0"]
[WhiteElo "2155"]
[BlackElo "2240"]
[PlyCount "71"]
[EventDate "1997.12.04"]

1. Nf3 Nf6 2. c4 d6 3. Nc3 e5 4. g3 g6 5. Bg2 Bg7 6. d4 Nbd7 7. O-O O-O 8. e4
exd4 9. Nxd4 Re8 10. h3 c6 11. Be3 Nc5 12. Qc2 a5 13. Rad1 a4 14. Nxc6 bxc6 15.
Bxc5 Be6 16. b3 axb3 17. axb3 Qc8 18. Bxd6 Bxh3 19. Rfe1 Nh5 20. e5 Bxg2 21.
Kxg2 Nf4+ 22. gxf4 Qg4+ 23. Kf1 Qh3+ 24. Ke2 Qg4+ 25. Ke3 Rad8 26. f3 Qe6 27.
Ne4 f6 28. Qh2 Qf7 29. Kf2 Qa7+ 30. c5 f5 31. Nf6+ Bxf6 32. exf6 Qa2+ 33. Kg3
Qxb3 34. Re7 Rxe7 35. fxe7 Re8 36. Qh6 1-0

[Event "XVIII C.to Italiano UISP A"]
[Site "Montecatini Terme ITA"]
[Date "1997.12.??"]
[Round "4"]
[White "Mariotti, Sergio"]
[Black "Sedina, Elena"]
[Result "1/2-1/2"]
[WhiteElo "2395"]
[BlackElo "2400"]
[PlyCount "23"]
[EventDate "1997.12.04"]

1. d4 d5 2. c4 c6 3. Nf3 Nf6 4. Nc3 dxc4 5. a4 Bf5 6. e3 e6 7. Bxc4 Bb4 8. O-O
Nbd7 9. h3 O-O 10. Nh4 Bg6 11. Nxg6 hxg6 12. Qc2 1/2-1/2

[Event "XVIII C.to Italiano UISP A"]
[Site "Montecatini Terme ITA"]
[Date "1997.12.??"]
[Round "4"]
[White "Mola, Pietro"]
[Black "Cesarini, Lanfranco"]
[Result "1/2-1/2"]
[WhiteElo "2190"]
[BlackElo "1903"]
[PlyCount "104"]
[EventDate "1997.12.04"]

1. e4 e5 2. Nf3 Nc6 3. Bc4 Be7 4. O-O d6 5. d4 exd4 6. Nxd4 Nxd4 7. Qxd4 Nf6 8.
Nc3 O-O 9. Bg5 Be6 10. Rad1 Nd7 11. Bxe7 Qxe7 12. Nd5 Bxd5 13. Bxd5 Nc5 14.
Rfe1 Ne6 15. Qd2 Rab8 16. Qe3 a6 17. e5 dxe5 18. Qxe5 Rfe8 19. h3 Qf8 20. Qg3
Re7 21. Re5 c6 22. Bb3 Nc7 23. Rxe7 Qxe7 24. Qd6 Re8 25. Qxe7 Rxe7 26. Rd8+ Ne8
27. Kf1 g6 28. Rd1 Nf6 29. Re1 Ne4 30. Re2 Kf8 31. Ke1 Nd6 32. Rxe7 Kxe7 33.
Ke2 h6 34. c3 c5 35. Bd5 b6 36. Kd3 Kf6 37. f4 h5 38. b4 cxb4 39. cxb4 Ke7 40.
a4 f6 41. a5 bxa5 42. bxa5 Nb5 43. Bc4 Nc7 44. Kd4 h4 45. Kc5 Kd7 46. Bf7 Ne6+
47. Kb6 Nxf4 48. Kxa6 Kc6 49. Be8+ Kc7 50. Kb5 Kb7 51. Bc6+ Ka7 52. a6 f5
1/2-1/2

[Event "XVIII C.to Italiano UISP A"]
[Site "Montecatini Terme ITA"]
[Date "1997.12.??"]
[Round "4"]
[White "Ottavi, Marco"]
[Black "Leoncini, Mario"]
[Result "1-0"]
[WhiteElo "1945"]
[BlackElo "2180"]
[PlyCount "99"]
[EventDate "1997.12.04"]

1. e4 c5 2. Nf3 e6 3. d4 cxd4 4. Nxd4 Nc6 5. Be3 Nf6 6. Nc3 d6 7. Bc4 Be7 8.
Qe2 a6 9. O-O-O Qc7 10. Bb3 Bd7 11. f4 Nxd4 12. Rxd4 b5 13. g4 e5 14. g5 exd4
15. gxf6 dxc3 16. fxg7 cxb2+ 17. Kb1 O-O-O 18. gxh8=Q Rxh8 19. Bxf7 Bf6 20. Rd1
Rf8 21. Bd5 Kb8 22. Qf2 Bc6 23. Qd2 Rc8 24. Bxc6 Qxc6 25. Qxd6+ Qxd6 26. Rxd6
Bc3 27. Bd4 b4 28. Bxc3 bxc3 29. Rd3 Rc4 30. Re3 Rd4 31. Rxc3 Rxe4 32. Rf3 Kc8
33. f5 Kd8 34. f6 Ke8 35. f7+ Kf8 36. Kxb2 Rh4 37. h3 h5 38. Kb3 a5 39. c4 Re4
40. c5 h4 41. c6 Rb4+ 42. Kc3 Rb6 43. Rf6 Rb1 44. Kc2 Rb5 45. Rf3 Rb8 46. Kd3
a4 47. Kd4 a3 48. c7 Rc8 49. Rc3 Kxf7 50. Kd5 1-0

[Event "XVIII C.to Italiano UISP A"]
[Site "Montecatini Terme ITA"]
[Date "1997.12.??"]
[Round "4"]
[White "Pastres, Roberto"]
[Black "Passerotti, Pierluigi"]
[Result "1-0"]
[WhiteElo "2195"]
[BlackElo "2310"]
[PlyCount "75"]
[EventDate "1997.12.04"]

1. Nf3 f5 2. c4 g6 3. Nc3 Nf6 4. g3 Bg7 5. Bg2 d6 6. O-O e5 7. d3 O-O 8. Rb1
Nc6 9. b4 a6 10. Ne1 h6 11. Nc2 g5 12. Ne3 Nd4 13. Ned5 c6 14. Nxf6+ Bxf6 15.
e3 Ne6 16. Bd2 Nc7 17. b5 axb5 18. cxb5 d5 19. bxc6 bxc6 20. Na4 Nb5 21. Bb4
Rf7 22. Qc2 Bd7 23. Nc5 Na3 24. Bxa3 Rxa3 25. Nxd7 Qxd7 26. Rb6 e4 27. dxe4 Rc3
28. Qa4 fxe4 29. Rfb1 Be5 30. Qa8+ Rf8 31. Qa4 Qf5 32. Rxc6 Qxf2+ 33. Kh1 Rxe3
34. Qa5 Re2 35. Qxd5+ Rf7 36. Rc8+ Kh7 37. Bxe4+ Rxe4 38. Qxe4+ 1-0

[Event "XVIII C.to Italiano UISP A"]
[Site "Montecatini Terme ITA"]
[Date "1997.12.??"]
[Round "4"]
[White "Patavia, Antonio"]
[Black "Del Dotto, Riccardo"]
[Result "0-1"]
[WhiteElo "2090"]
[BlackElo "1989"]
[PlyCount "56"]
[EventDate "1997.12.04"]

1. e4 e5 2. Nf3 Nf6 3. Nxe5 d6 4. Nf3 Nxe4 5. d4 d5 6. Bd3 Bd6 7. O-O O-O 8.
Re1 Re8 9. c4 c6 10. Nc3 Nxc3 11. bxc3 Bg4 12. Rxe8+ Qxe8 13. Be3 Qd8 14. c5
Bc7 15. Qb3 b6 16. Ne5 Bxe5 17. dxe5 Nd7 18. cxb6 axb6 19. f4 Nc5 20. Bxc5 bxc5
21. Qb7 Ra3 22. Qxc6 Rxc3 23. Ba6 d4 24. Rb1 d3 25. Qd5 Rc1+ 26. Kf2 Qh4+ 27.
Ke3 Qe1+ 28. Kxd3 Qe2# 0-1